Statistics for Top 5 University of Michigan Football Players of All-Time

Click here to take the quiz!

General Stats

  • This quiz has been taken 252 times
  • The average score is 3 of 5

Answer Stats

#PlayerPositionTenure% Correct
1Charles WoodsonCB/S/KR/PR/Offense1995-1997
97%
2Desmond HowardWR/KR/PR1989-1991
88%
5Braylon EdwardsWR2001-2004
60%
4Tom HarmonQB/RB1938-1940
45%
3Anthony CarterWR1979-1982
38%

Score Distribution

Percentile by Number Answered

Percent of People with Each Score

Your Score History

You have not taken this quiz